L'aaport des traductions des psaumes à l'esthetique du baroque poetique franҫais (1590-1630)

Elmentve itt :
Bibliográfiai részletek
Szerző: Stegmann André
Dokumentumtípus: Könyv része
Megjelent: 1978
Sorozat:Adattár XVII. századi szellemi mozgalmaink történetéhez 4
Kulcsszavak:Zsoltárfordítás - francia - 1590-1630
Online Access:http://misc.bibl.u-szeged.hu/29379
LEADER 00668naa a2200169 i 4500
001 misc29379
005 20200430141823.0
008 180131s1978 hu o 0|| fre d
040 |a SZTE Miscellanea Repozitórium  |b hun 
041 |a fre 
100 1 |a Stegmann André 
245 1 0 |a L'aaport des traductions des psaumes à l'esthetique du baroque poetique franҫais (1590-1630)  |h [elektronikus dokumentum] /  |c  Stegmann André 
260 |c 1978 
300 |a 155-162 
490 0 |a Adattár XVII. századi szellemi mozgalmaink történetéhez  |v 4 
695 |a Zsoltárfordítás - francia - 1590-1630 
856 4 0 |u http://misc.bibl.u-szeged.hu/29379/1/ad_004_155-162.pdf  |z Dokumentum-elérés